Eltűnt egy színpad

Elmentve itt :
Bibliográfiai részletek
Szerző: Ökrös László
Dokumentumtípus: Cikk
Megjelent: 1968-05-15
Sorozat:Délmagyarország 58 No. 112
Kulcsszavak:Csernák Árpád, Pusztaszeri Emília, Őze Éva, Szabó Kálmán, Színházi élet Szeged 1968, amatőr színpadok
Online Access:http://dmarchiv.bibl.u-szeged.hu/75347
LEADER 00545nab a2200157 i 4500
001 delm75347
005 20180928084319.0
008 180928s1968 hu o 0|| hun d
040 |a SZTE Délmagyarország Archívum  |b hun 
041 |a hun 
100 1 |a Ökrös László 
245 1 0 |a Eltűnt egy színpad  |h [elektronikus dokumentum] /  |c  Ökrös László 
260 |c 1968-05-15 
300 |a 5 
490 0 |a Délmagyarország  |v 58 No. 112 
695 |a Csernák Árpád, Pusztaszeri Emília, Őze Éva, Szabó Kálmán, Színházi élet Szeged 1968, amatőr színpadok